000 00900nam a2200241 a 4500
003 MX-MxUPN
005 20240830063723.0
008 991125s1913 ag a fr 000 0 spa d
035 _aUPN01000010835
040 _aMX-MxUPN
_bspa
_cMX-MxUPN
041 _aspa
050 4 _aLB1607
_bC6.4 1912
110 1 _aArgentina.
_bMinisterio de Justicia e Instrucción Pública
_928743
245 1 0 _aConferencias de extensión de la enseñanza secundaria
260 _aBuenos Aires :
_bTalleres Gráficos de la Penitenciaría Nacional,
_c1913.
300 _a369 páginas :
_bilustraciones
650 7 _aEducación secundaria
_2
_94281
710 2 _951335
_aMuseo Pedagógico Nacional (México)
_epropietario anterior
710 1 _951349
_aMéxico.
_bSecretaría de Educación Pública.
_bBiblioteca Pública
_epropietario anterior
902 _bMaríaRobles/2970824
905 _aLibro
942 _2lcc
_cLIBRO
_n0
999 _c10835
_d10835